[Event "XXXI Campeonato Regional Absoluto Individual"]
[Site "Museo del Vino - Jumilla 2016"]
[Date "2016-05-28"]
[Round "8.9"]
[White "José Joaquín Sánchez Fernández"]
[Black "María Pilar López García"]
[WhiteElo "1939"]
[BlackElo "1605"]
[Result "1-0"]

1. e4 c5 2. f4 e6 3. Nf3 Nc6 4. Nc3 g6 5. Bb5 Bg7 6. O-O Nge7 7. d3 a6 8. Bxc6 Nxc6 9. Be3 d6 10. Qd2 O-O 11. Nd1 b5 
12. c3 b4 13. g4 f5 14. gxf5 exf5 15. Nf2 Bb7 16. Kh1 Qf6 17. Rac1 Qf7 18. cxb4 Nxb4 19. a3 Nc6 20. b4 cxb4 21. axb4 Rab8 
22. Ng5 Qb3 23. Rb1 Qc3 24. Qa2+ Kh8 25. Nf7+ Rxf7 26. Qxf7 fxe4 27. Rfc1 Qa3 28. Rxc6 Bxc6 29. Qc7 exd3+ 30. Qxc6 Qa2 
31. Rd1 Qe2 32. Qe4 d2 33. Kg2 d5 34. Qf3 Qxf3+ 35. Kxf3 Rxb4 36. Bxd2 Rb3+ 37. Ke2 Bh6 38. Ra1 Rb2 39. Nd3 Rb6 40. Rc1 Re6+ 
41. Kf3 Kg8 42. Rc8+ Kf7 43. Rc7+ Kg8 44. Bc3 Rd6 45. Rc8+ Kf7 46. Ne5+ Ke6 47. Re8+ Kf5 48. Nf7 Bxf4 49. Nxd6+ Bxd6 
50. h3 h5 51. Rd8 Ke6 52. Ra8 1-0

[Event "XXXI Campeonato Regional Absoluto Individual"]
[Site "Museo del Vino - Jumilla 2016"]
[Date "2016-05-28"]
[Round "8.10"]
[White "José Antonio Martínez Martínez"]
[Black "Julio César Herreros Guillermo"]
[WhiteElo "1680"]
[BlackElo "1855"]
[Result "0-1"]

1. d4 Nf6 2. Bg5 d5 3. Bxf6 gxf6 4. c4 e5 5. e3 c6 6. cxd5 cxd5 7. Nc3 e4 8. Qh5 Be6 9. Bb5+ Nc6 10. Nge2 f5 11. Nf4 Qd7 12. O-O Bg7 
13. Ba4 O-O 14. Rac1 Rac8 15. Bb3 Ne7 16. Ba4 Qd6 17. Nfe2 Kh8 18. f4 Rg8 19. Ng3 Qb4 20. Bb3 Rc6 21. Rf2 a6 22. Qd1 Qd6 23. Na4 Rxc1 
24. Qxc1 Rc8 25. Rc2 Rxc2 26. Qxc2 Nc6 27. Qc5 Qxc5 28. Nxc5 Nxd4 29. Nxb7 Nxb3 30. axb3 Bxb2 31. Nd8 d4 32. Nxe6 d3 33. Kf1 fxe6 
34. Ke1 Bc3+ 35. Kd1 Kg7 36. Nf1 Kf6 37. Nd2 Bxd2 38. Kxd2 Ke7 39. Kc3 Kd6 40. Kd2 Kc5 41. Kc3 a5 42. g3 Kb5 0-1

[Event "XXXI Campeonato Regional Absoluto Individual"]
[Site "Museo del Vino - Jumilla 2016"]
[Date "2016-05-28"]
[Round "8.11"]
[White "Manuel Giménez Gil"]
[Black "Felix Sabater Sánchez"]
[WhiteElo "1727"]
[BlackElo "1988"]
[Result "0-1"]

1. e4 c5 2. Nf3 e6 3. d4 cxd4 4. Nxd4 a6 5. Bc4 Nf6 6. Bg5 Qa5+ 7. Bd2 Qc5 8. Bd3 Qxd4 9. Nc3 Be7 10. Qe2 Nc6 11. f4 Nb4 12. a3 Nxd3+ 
13. cxd3 Bc5 14. h3 h5 15. g3 b5 16. b4 Bb6 17. Rc1 Bb7 18. Nd1 Nxe4 19. dxe4 Qxe4 20. Qxe4 Bxe4 21. Rh2 Bg1 0-1

[Event "XXXI Campeonato Regional Absoluto Individual"]
[Site "Museo del Vino - Jumilla 2016"]
[Date "2016-05-28"]
[Round "8.13"]
[White "Francisco Pérez García"]
[Black "Asensio Sabater Sánchez"]
[WhiteElo "1537"]
[BlackElo "2050"]
[Result "0-1"]

1. e4 c5 2. Nf3 d6 3. c4 Bg4 4. d3 Nc6 5. Be3 g6 6. Nbd2 Bg7 7. Rb1 e6 8. Be2 Nge7 9. h3 Bxf3 10. Nxf3 Qa5+ 11. Bd2 Qxa2 12. Ra1 Qxb2 
13. Rb1 Qa3 14. Rxb7 Qa6 15. Qb3 O-O 16. O-O Rfb8 17. Rb1 Rxb7 18. Qxb7 Qxb7 19. Rxb7 a5 20. Rb3 a4 21. Ra3 Bb2 22. Ra2 a3 23. Bd1 Nb4 
24. Bxb4 cxb4 25. Nd2 Nc6 26. Nb3 f5 27. f3 Kf7 28. Kf2 f4 29. Bc2 Kf6 30. Ke2 Ke5 31. Bb1 Nd4+ 0-1

[Event "XXXI Campeonato Regional Absoluto Individual"]
[Site "Museo del Vino - Jumilla 2016"]
[Date "2016-05-28"]
[Round "8.14"]
[White "José Antonio Carrillo Conesa"]
[Black "Antonio Palao Morales"]
[WhiteElo "1673"]
[BlackElo "1637"]
[Result "1-0"]

1. c4 c5 2. g3 g6 3. Bg2 Bg7 4. Nc3 Nf6 5. Nf3 Nc6 6. O-O O-O 7. d4 cxd4 8. Nxd4 e5 9. Nf3 a6 10. b3 d6 11. Bb2 Be6 12. Rc1 Rc8 
13. h3 h6 14. Nd2 Qd7 15. Kh2 Ne7 16. e4 Ne8 17. Nd5 Bxd5 18. cxd5 Rxc1 19. Bxc1 f5 20. Ba3 f4 21. h4 b5 22. Bb4 fxg3+ 23. fxg3 Rxf1 
24. Qxf1 Qc7 25. a4 bxa4 26. Qxa6 axb3 27. Nxb3 Qc8 28. Qb6 Bf6 29. Bxd6 Nxd6 30. Qxd6 Kg7 31. Nc5 Qg4 32. Nd7 Bxh4 33. Qxe5+ Kf7 
34. gxh4 Qxh4+ 35. Kg1 Qe1+ 36. Bf1 Qe3+ 37. Kg2 Qd2+ 38. Kh1 Qf2 39. Qe6+ Ke8 40. Nf6+ Kf8 41. Nh7+ Ke8 42. Bb5+ 1-0

[Event "XXXI Campeonato Regional Absoluto Individual"]
[Site "Museo del Vino - Jumilla 2016"]
[Date "2016-05-28"]
[Round "8.16"]
[White "Jaime Espadiña Solano"]
[Black "Sergio Sánchez Gómez"]
[WhiteElo "1736"]
[BlackElo "1235"]
[Result "1-0"]

1. e4 e6 2. d3 d5 3. Nd2 Nf6 4. Ngf3 Bd6 5. e5 Be7 6. exf6 Bxf6 7. d4 Nc6 8. c3 Bd7 9. Bd3 O-O 10. Qc2 g6 11. Nf1 Bg7 
12. Bg5 Ne7 13. O-O-O Re8 14. h4 c6 15. N1h2 Qc7 16. Ng4 Rac8 17. h5 Bh8 18. hxg6 fxg6 19. Nfe5 Nf5 20. Nf6+ Bxf6 
21. Bxf6 Rf8 22. Bg5 c5 23. g4 Ng7 24. Bxg6 hxg6 25. Qxg6 1-0

[Event "XXXI Campeonato Regional Absoluto Individual"]
[Site "Museo del Vino - Jumilla 2016"]
[Date "2016-05-28"]
[Round "8.18"]
[White "Fidel Torres Gómez"]
[Black "Ernesto Jesús Rico Guardiola"]
[WhiteElo "1268"]
[BlackElo "1633"]
[Result "0-1"]

1. e4 e6 2. d4 d5 3. e5 c5 4. c3 Nc6 5. Bb5 Qb6 6. Ba4 Bd7 7. Nf3 Nh6 8. Bxh6 gxh6 9. Qd2 cxd4 10. Bxc6 Bxc6 11. Nxd4 Rg8 12. O-O Rg6 
13. b4 Bg7 14. f4 f5 15. Na3 a6 16. c4 dxc4 17. Rf2 O-O-O 18. Nac2 Be4 19. Qc3 Bxc2 20. Nxc2 Qc6 21. Nd4 Qd5 22. Rd1 Rg4 23. g3 Bxe5 
24. fxe5 Rxd4 25. Rxd4 Qxd4 26. Qf3 Qd1+ 27. Kg2 c3 28. Rc2 Rd2+ 0-1

[Event "XXXI Campeonato Regional Absoluto Individual"]
[Site "Museo del Vino - Jumilla 2016"]
[Date "2016-05-28"]
[Round "8.19"]
[White "José Miguel Abad González"]
[Black "Francisco Javier Tomás Alonso"]
[WhiteElo "1848"]
[BlackElo "1422"]
[Result "1-0"]

1. d4 d5 2. Bg5 Nf6 3. Nf3 Bf5 4. e3 e6 5. Be2 Bd6 6. O-O Nbd7 7. c4 c6 8. Nc3 Qb8 9. Bh4 Ne4 10. Bd3 h6 11. Qc2 g5 12. Bg3 Ndf6 
13. Be5 Bxe5 14. Nxe5 Qc8 15. Rac1 Nxc3 16. Qxc3 Ne4 17. Bxe4 Bxe4 18. f3 Bh7 19. Ng4 h5 20. Nf6+ Ke7 21. Nxh7 Rxh7 22. cxd5 exd5 
23. e4 Qd7 24. Qc5+ Ke6 25. exd5+ cxd5 26. Rfe1+ Kf6 27. Re5 Rd8 28. Qc7 Rhh8 29. Rc5 Qa4 30. Qe7+ Kg7 31. Rxg5+ Kh6 32. Qf6+ 1-0

[Event "XXXI Campeonato Regional Absoluto Individual"]
[Site "Museo del Vino - Jumilla 2016"]
[Date "2016-05-28"]
[Round "8.20"]
[White "Pedro Salmerón Castro"]
[Black "Pablo Gil Manzano"]
[WhiteElo "1360"]
[BlackElo "1685"]
[Result "0-1"]

1. e4 c5 2. Nf3 d6 3. d4 cxd4 4. Nxd4 Nf6 5. Nc3 a6 6. Bc4 e6 7. Bg5 Be7 8. Bxf6 Bxf6 9. O-O Qc7 10. Bb3 O-O 11. Nce2 Re8 12. c3 Nd7 
13. Ng3 b5 14. a3 Bb7 15. Bc2 Rac8 16. Rc1 Ne5 17. Nh5 Be7 18. f4 Nd7 19. Rf3 g6 20. Rh3 Nf6 21. Nxf6+ Bxf6 22. Nf3 Red8 23. Qe1 Bg7 
24. g4 Re8 25. g5 f5 26. Qh4 Bf8 27. exf5 exf5 28. Bb3+ Kh8 29. Nd4 Re7 30. Re1 Be4 31. Rhe3 d5 32. Nf3 Rg7 33. Nd4 Bc5 34. Qf2 Qd6 
35. h4 Rf8 36. Kh2 Ba7 37. Kg3 Bb8 38. Rc1 Rb7 39. Bc2 Bc7 40. Bxe4 fxe4 41. Rf1 Bb8 42. b4 Rbf7 43. Ne2 Bc7 44. Kg4 Qe6+ 45. Kg3 Qf5 
46. Kg2 Bxf4 47. Nxf4 Qxf4 48. Qg1 Qxh4 49. Rxf7 Rxf7 50. Rg3 Qf4 51. Qd4+ Kg8 52. Qg1 Rf5 53. Kh3 Qf1+ 54. Qxf1 Rxf1 55. Rg2 Rf3+ 
56. Rg3 Rxg3+ 57. Kxg3 Kf7 58. Kf4 Ke6 59. Ke3 Ke5 0-1

[Event "XXXI Campeonato Regional Absoluto Individual"]
[Site "Museo del Vino - Jumilla 2016"]
[Date "2016-05-28"]
[Round "8.22"]
[White "Antonio Ruiz Sánchez"]
[Black "Javier Valera Aznar"]
[WhiteElo "1552"]
[BlackElo "1190"]
[Result "1/2-1/2"]

1. e4 e6 2. d4 d5 3. exd5 exd5 4. Nf3 Nf6 5. Bd3 Bg4 6. Be3 Bd6 7. Nbd2 O-O 8. h3 Bh5 9. g4 Bg6 10. Bxg6 hxg6 11. c3 Re8 12. Qc2 c5 
13. O-O-O cxd4 14. Nxd4 Nc6 15. N2f3 Rc8 16. Nxc6 Rxc6 17. g5 Ne4 18. Rxd5 Qc7 19. Rd3 Bf4 20. Re1 Rce6 21. Kb1 Nc5 22. Rd5 b6 
23. Bd2 Ne4 24. Re2 Qc4 25. Qd3 Nxd2+ 26. Rxd2 Qe4 27. Qxe4 Rxe4 28. Rd1 Re2 29. Rf1 a5 30. a4 Rb8 31. Rb5 Bd6 32. Nd4 Re4 33. Nc6 Rb7 
34. Rd1 Bc5 35. f3 Re2 36. b4 axb4 37. cxb4 Rc7 38. bxc5 Rxc6 39. cxb6 Ree6 40. b7 Rb6 41. b8=Q+ Rxb8 42. Rxb8+ Kh7 43. Ra8 Rb6+ 
44. Kc2 Rc6+ 45. Kd3 f6 46. h4 fxg5 47. hxg5 Rd6+ 48. Ke2 1/2-1/2

[Event "XXXI Campeonato Regional Absoluto Individual"]
[Site "Museo del Vino - Jumilla 2016"]
[Date "2016-05-28"]
[Round "8.23"]
[White "Francisco Javier Baños Cumbrera"]
[Black "Joaquin Macia Senent"]
[WhiteElo "1531"]
[BlackElo "1407"]
[Result "0-1"]

1. e4 c6 2. d4 d5 3. e5 Bf5 4. Bd3 Bxd3 5. Qxd3 e6 6. Nf3 h6 7. O-O Ne7 8. Nbd2 Ng6 9. b3 Be7 10. c4 Nd7 11. Bb2 O-O 12. h3 Nf4 13. Qe3 g5 
14. g3 Ng6 15. Kg2 Kg7 16. Rh1 f5 17. exf6+ Rxf6 18. c5 Qg8 19. b4 Raf8 20. Raf1 Kh8 21. h4 Nf4+ 22. Kh2 Nh5 23. hxg5 Rg6 24. Kg2 Bxg5 
25. Nxg5 Rxg5 26. Nf3 Rxg3+ 27. fxg3 Qxg3# 0-1

[Event "XXXI Campeonato Regional Absoluto Individual"]
[Site "Museo del Vino - Jumilla 2016"]
[Date "2016-05-28"]
[Round "8.24"]
[White "Roberto Patricio López Arroniz"]
[Black "Diego Juan García López"]
[WhiteElo "1422"]
[BlackElo "1247"]
[Result "0-1"]

1. d4 Nf6 2. Nf3 e6 3. Bf4 c5 4. c3 Nc6 5. e3 Qb6 6. Qb3 Qxb3 7. axb3 b6 8. Bd3 Bb7 9. Nbd2 Be7 10. h3 Na5 11. Bc2 cxd4 12. exd4 O-O 
13. O-O Nd5 14. Bh2 Nc6 15. Ne4 f5 16. Nd6 Bxd6 17. Bxd6 Rfc8 18. Rfe1 a5 19. g4 fxg4 20. hxg4 Nf6 21. g5 Ne8 22. Bg3 Ne7 23. Be4 Bxe4 
24. Rxe4 Nf5 25. Kg2 Nxg3 26. Kxg3 Nd6 27. Ree1 Rf8 28. Ne5 Nf5+ 29. Kg4 Ra7 30. f4 Ne7 31. Nc4 Rb7 32. Nd6 Rbb8 33. c4 Nc6 34. Re4 Nb4 
35. Rh1 Nd3 36. Rh2 Ra8 37. Re3 Nxf4 38. Rf3 Ng6 39. Rfh3 Rf4+ 40. Kg3 Raf8 41. Rxh7 Rf3+ 42. Kg2 Rf2+ 43. Kg3 R8f3+ 44. Kg4 Rf4+ 
45. Kg3 Rxh2 46. Rxh2 Rxd4 47. Rf2 Rxd6 0-1

[Event "XXXI Campeonato Regional Absoluto Individual"]
[Site "Museo del Vino - Jumilla 2016"]
[Date "2016-05-28"]
[Round "8.25"]
[White "Ana Isabel Durán Cerezo"]
[Black "José Gil Villaescusa"]
[WhiteElo "1258"]
[BlackElo "1423"]
[Result "1-0"]

1. e4 c5 2. Nf3 d6 3. d4 cxd4 4. Nxd4 Nf6 5. Nc3 a6 6. Be2 e6 7. Nf3 Nc6 8. Bg5 Be7 9. Qd2 O-O 10. O-O-O b5 11. h4 b4 12. Na4 Qa5 13. b3 Nxe4 
14. Qe3 Nxg5 15. hxg5 g6 16. Rh6 f5 17. Rdh1 Rf7 18. g3 Bf8 19. R6h4 Rb8 20. Nd4 Nxd4 21. Qxd4 Bd7 22. Qa7 Qd8 23. Qe3 a5 24. f4 Bxa4 25. Qxe6 h5 
26. Qxg6+ Rg7 27. Bc4+ d5 28. Qe6+ Rf7 29. Bxd5 Qe7 30. g6 Qxe6 31. Bxe6 Bd7 32. gxf7+ Kg7 33. Bxd7 Kxf7 34. Bxf5 Bc5 35. Rxh5 Be3+ 36. Kb1 Rg8 
37. g4 Bxf4 38. Re1 Rd8 39. g5 Bd2 40. Rh7+ Kg8 41. Reh1 Bc3 42. Be6+ Kf8 43. Rf1+ Ke8 44. g6 Rd6 45. Bc4 Rd7 1-0